Madrasa Education in Modern India: A Study (Record no. 20778)

MARC details
000 -LEADER
fixed length control field 00342nam a22001337a 4500
020 ## - INTERNATIONAL STANDARD BOOK NUMBER
ISBN 978-81-7304-856-2
082 ## - DEWEY DECIMAL CLASSIFICATION NUMBER
Classification number 297.7 JHI
100 ## - MAIN ENTRY--AUTHOR NAME
Author name Jhingran, Saral
245 ## - TITLE STATEMENT
Title Madrasa Education in Modern India: A Study
260 ## - PUBLICATION, DISTRIBUTION, ETC. (IMPRINT)
Place of publication New Delhi
Name of publisher Manohar Publishers
Year of publication 2010
300 ## - PHYSICAL DESCRIPTION
Number of Pages 424
650 ## - SUBJECT ADDED ENTRY--TOPICAL TERM
Topical Term Islam-Education and Training
942 ## - ADDED ENTRY ELEMENTS (KOHA)
Koha item type Books
Holdings
Home library Current library Shelving location Date acquired Source of acquisition Cost, normal purchase price Full call number Accession Number Koha item type
Henry Martyn Institute Library Henry Martyn Institute Library General stacks 11/29/2017 Amazon 1050.00 297.7 JHI 25438 Books
                   Copyright © 2026 | Henry Martyn Institute | Hyderabad | TS-500052 | INDIA | Implemented by hmi.edu.in
Hit-Count:

Powered by Koha